Catálogo

Oncología : (Registro nro. 39787)

Detalles MARC
000 -LEADER
fixed length control field 01097cam a2200301 i 4500
001 - CONTROL NUMBER
control field 39787
003 - CONTROL NUMBER IDENTIFIER
control field Mx-PuUPA
005 - DATE AND TIME OF LATEST TRANSACTION
control field 20211019131445.0
008 - FIXED-LENGTH DATA ELEMENTS--GENERAL INFORMATION
fixed length control field 140415s1998 mx a r 000 0 spa d
020 ## - INTERNATIONAL STANDARD BOOK NUMBER
International Standard Book Number 968863249X (obra completa)
040 ## - CATALOGING SOURCE
Original cataloging agency MX-PuUPA
Language of cataloging spa
Description conventions rda
Transcribing agency Mx-PuUPA
Modifying agency Mx-PuUPA
041 0# - LANGUAGE CODE
Language code of text/sound track or separate title spa
100 1# - MAIN ENTRY--PERSONAL NAME
Personal name Gutiérrez Herrera, José Luis,
Relator term autor
9 (RLIN) 6692
245 10 - TITLE STATEMENT
Title Oncología :
Remainder of title manual de interpretación clínica /
Statement of responsibility, etc. José Luis Gutiérrez Herrera.
250 ## - EDITION STATEMENT
Edition statement Primera edición
264 #1 - PRODUCTION, PUBLICATION, DISTRIBUTION, MANUFACTURE, AND COPYRIGHT NOTICE
Place of production, publication, distribution, manufacture Puebla, Pue. :
Name of producer, publisher, distributor, manufacturer Benemérita Universidad Autónoma de Puebla,
-- Dirección General de Fomento Editorial,
Date of production, publication, distribution, manufacture, or copyright notice 1998
300 ## - PHYSICAL DESCRIPTION
Extent 5 volúmenes (paginación varía) :
Other physical details ilustraciones ;
Dimensions 23 cm.
336 ## - CONTENT TYPE
Content type term texto
Fuente rdacontent
Content type code txt
337 ## - MEDIA TYPE
Media type term sin medio
Source rdamedia
Media type code n
338 ## - CARRIER TYPE
Carrier type term volumen
Source rdacarrier
Carrier type code nc
490 0# - SERIES STATEMENT
Series statement Textos UAP
490 0# - SERIES STATEMENT
Series statement Apoyo a la docencia
650 #4 - SUBJECT ADDED ENTRY--TOPICAL TERM
Topical term or geographic name entry element Oncología
General subdivision Diagnostico
942 ## - ADDED ENTRY ELEMENTS (KOHA)
Source of classification or shelving scheme Dewey Decimal Classification
Koha item type Libro
Classification part 616.994075
Item part G983
Existencias
Withdrawn status Lost status Source of classification or shelving scheme Damaged status Not for loan Collection code Home library Current library Shelving location Date acquired Source of acquisition Total Checkouts Full call number Barcode Date last seen Price effective from Koha item type
    Dewey Decimal Classification     Referencia Biblioteca Karol Wojtyla Biblioteca Karol Wojtyla Área de silencio 25/04/2018 Compra   616.994075 GUT 1999 59769 05/01/2026 25/04/2018 Libro R
    Dewey Decimal Classification     Referencia Biblioteca Karol Wojtyla Biblioteca Karol Wojtyla Área de silencio 03/12/2013 Compra   616.994075 GUT 1999 59765 05/01/2026 25/04/2018 Libro R
    Dewey Decimal Classification     Referencia Biblioteca Karol Wojtyla Biblioteca Karol Wojtyla Área de silencio 25/04/2018 Compra   616.994075 GUT 1999 49114 05/01/2026 25/04/2018 Libro R
    Dewey Decimal Classification     Referencia Biblioteca Karol Wojtyla Biblioteca Karol Wojtyla Área de silencio 25/04/2018 Compra   616.994075 GUT 1999 59766 05/01/2026 25/04/2018 Libro R
    Dewey Decimal Classification     Referencia Biblioteca Karol Wojtyla Biblioteca Karol Wojtyla Área de silencio 25/04/2018 Compra   616.994075 GUT 1999 59767 05/01/2026 25/04/2018 Libro R
    Dewey Decimal Classification     Referencia Biblioteca Karol Wojtyla Biblioteca Karol Wojtyla Área de silencio 25/04/2018 Compra   616.994075 GUT 1999 49115 05/01/2026 25/04/2018 Libro R
    Dewey Decimal Classification     Referencia Biblioteca Karol Wojtyla Biblioteca Karol Wojtyla Área de silencio 25/04/2018 Compra   616.994075 GUT 1999 48996 05/01/2026 25/04/2018 Libro R
    Dewey Decimal Classification     Referencia Biblioteca Karol Wojtyla Biblioteca Karol Wojtyla Área de silencio 25/04/2018 Compra   616.994075 GUT 1999 48995 05/01/2026 25/04/2018 Libro R
    Dewey Decimal Classification     Referencia Biblioteca Karol Wojtyla Biblioteca Karol Wojtyla Área de silencio 25/04/2018 Compra   616.994075 GUT 1999 59768 05/01/2026 25/04/2018 Libro R
    Dewey Decimal Classification     Referencia Biblioteca Karol Wojtyla Biblioteca Karol Wojtyla Área de silencio 25/04/2018 Compra   616.994075 GUT 1999 49134 05/01/2026 25/04/2018 Libro R